Are you sitting comfortably? The hidden dangers of office life (Record no. 66908)

MARC details
000 -LEADER
fixed length control field 01275cam a2200241 4500
001 - CONTROL NUMBER
control field ABS63863
008 - FIXED-LENGTH DATA ELEMENTS--GENERAL INFORMATION
fixed length control field 000000n2001 000 0 eng u
035 ## - SYSTEM CONTROL NUMBER
System control number (Sirsi) u112415
100 ## - MAIN ENTRY--PERSONAL NAME
Personal name Hulls, R.
245 ## - TITLE STATEMENT
Title Are you sitting comfortably? The hidden dangers of office life
260 ## - PUBLICATION, DISTRIBUTION, ETC.
Date of publication, distribution, etc. 2001
490 ## - SERIES STATEMENT
Series statement CSM
-- Chartered Surveyor Monthly
Volume/sequential designation April 2001, 27(1)
520 ## - SUMMARY, ETC.
Summary, etc. Discusses the health and safety requirements that employers are obliged to follow in order to look after their employees health. The Health and Safety Regulations Act 1999 makes it compulsory for employers to make a suitable and sufficient assessment of the risks to health and safety and in workplaces with more than 5 staff a written record must be kept of all significant findings. Mentions the risks of litigation if inadequate thought is given to health and safety and stresses particular importance on the risks involved with working with keyboarding and display screen equipment.
590 ## - LOCAL NOTE (RLIN)
Local note ABS
650 ## - SUBJECT ADDED ENTRY--TOPICAL TERM
Topical term or geographic name entry element MANAGEMENT OF HEALTH AND SAFETY AT WORK REGULATIONS 1999
650 ## - SUBJECT ADDED ENTRY--TOPICAL TERM
Topical term or geographic name entry element REPETITIVE STRAIN INJURY
650 ## - SUBJECT ADDED ENTRY--TOPICAL TERM
Topical term or geographic name entry element OFFICE LAYOUT
650 ## - SUBJECT ADDED ENTRY--TOPICAL TERM
Topical term or geographic name entry element RISK ASSESSMENT
650 ## - SUBJECT ADDED ENTRY--TOPICAL TERM
Topical term or geographic name entry element ERGONOMICS
650 ## - SUBJECT ADDED ENTRY--TOPICAL TERM
Topical term or geographic name entry element WORKPLACE MANAGEMENT
690 ## - LOCAL SUBJECT ADDED ENTRY--TOPICAL TERM (OCLC, RLIN)
Topical term or geographic name as entry element Health and safety
9 (RLIN) 6244
942 ## - ADDED ENTRY ELEMENTS (KOHA)
Suppress in OPAC 0
Holdings
Withdrawn status Lost status Source of classification or shelving scheme Damaged status Not for loan Home library Current library Shelving location Date acquired Total Checkouts Full call number Barcode Date last seen Copy number Price effective from Koha item type
    Dewey Decimal Classification     London London Journal article 04/05/2001   ABS63863 112415-1001 06/08/2019 1 06/08/2019 Journal article